000 00518 a2200169 4500
001 189384
020 _a978-85-7631-305-2
040 _cMagnum
100 _aMinistério das Relações Exteriores
240 1 0 _aIX curso para diplomatas sul-americanos
_lESP
245 1 0 _aIX curso para diplomatas sul-americanos
300 _a176
362 0 _a2011
440 1 _aFundação Alexandre de Gusmão
697 _aRELALÇÕES INTERNACIONAIS, POLÍTICA MUNDIAL. POLÍTICA INTERNACIONAL. POLÍTICA EXTERNA
942 _cBK
999 _c189384
_d189384